000
00249nam a2200109Ia 4500
008
190216s9999||||xx |||||||||||||| ||und||
100
_a
Jain Sp And Narag K L
245
0
_a
Advanced Accountancy
260
_b
Null
_c
1994
300
_a
2123p
942
_c
BK
999
_c
5252
_d
5252